Kilépés "Luther barlangjából" Nietzsche reflexiói a lutheri paradignáról

Elmentve itt :
Bibliográfiai részletek
Szerző: Tánczos Péter
Adatforrás:Philobibl
Forrásdokumentuma:Többlet
7.2015:2. p. 75-94.
Dokumentumtípus: Cikk
Nyelv:magyar
Kulcsszavak:Nietzsche, F.
valláselmélet
protestantizmus
Luther, M.
szubverzió
LEADER 00475nab a2200157 c 4500
001 bibPHI0045195
005 20200924125430.4
008 170213s2015 rm hun
100 1 |a Tánczos Péter 
245 1 0 |a Kilépés "Luther barlangjából"  |b Nietzsche reflexiói a lutheri paradignáról  |c Tánczos Péter 
695 |a Nietzsche, F. 
695 |a valláselmélet 
695 |a protestantizmus 
695 |a Luther, M. 
695 |a szubverzió 
773 0 |t Többlet  |g 7.2015:2. p. 75-94.